Normal view
MARC view
Entry Topical Term
001 - CONTROL NUMBER
- control field: 7098
003 - CONTROL NUMBER IDENTIFIER
- control field: BD-RjUL
005 - DATE AND TIME OF LATEST TRANSACTION
- control field: 20230228183443.0
008 - FIXED-LENGTH DATA ELEMENTS
- fixed length control field: 230228|| aca||aabn | a|a d
040 ## - CATALOGING SOURCE
- Original cataloging agency: BD-RjUL
- Transcribing agency: BD-RjUL
150 ## - HEADING--TOPICAL TERM
- Topical term or geographic name entry element: Sodium
- Form subdivision: Personal health and safety
670 ## - SOURCE DATA FOUND
- Source citation: Work cat.: (BD-RjUL)81268: Khatun, Mst. Roksana 7097, Studies on Physico-Chemical properties of flucloxacillin sodium in aqueous binary and ternary systems / , 2018